01176cam a2200301 i 4500001000700000003000900007005001700016008004100033020001500074040003800089082002000127100003900147245012000186264004000306300004800346336002600394337002800420338002700448490004500475504005200520650004100572650004100613650004600654655001700700942001200717999001700729952012800746790731EG-ScBUE20260105093502.0700820s1970 nyua f b 001 0 eng d a080538491X aDLCbengerdacDLCdDLCdEG-ScBUE04a530.11222bSAR1 aSard, R. D.,d1915-eauthor.9721710aRelativistic mechanics :bspecial relativity and classical particle dynamics /cR. D. Sard, University of Illinois. 1aNew York :bW. A. Benjamin, c1970. axxi, 376 pages : billustrations ; c24 cm. 2rdacontentatextbtxt aunmediated2rdamediabn avolumebnc2rdacarrier0 aLecture notes and supplements in physics aIncludes bibliographical references and index.  7aRelativistic mechanics.2BUEsh97218 7aDynamics of a particle.2BUEsh97219 7aSpecial relativity (Physics)2BUEsh97220 vReading book 2ddccBB c12113d12113 00102ddc40708Alef-BaaaMAINbMAINc1STd2009-06-30epurchaseg150.00l0o530.11 SARp000030227r2025-07-15 00:00:00yBB